000
00322nam a22001217a 4500
008
180514b xxu||||| |||| 00| 0 eng d
041
_a
eng
080
_a
043.3
100
_a
0
101
_a
SHKI-BTH
245
_a
Implementing Virtual Private Network (VPN) in small to medium size enterprises
_c
Jakupi,B
942
_2
udc
_c
BK
999
_c
45777
_d
45777